| Tag |
First Indicator |
Second Indicator |
Subfields |
| LEADER |
00000cam a2200000 a 4500 |
| 001 |
in00002782891 |
| 005 |
20150922150414.0 |
| 008 |
120217s2013 nyua b 001 0 eng |
| 010 |
|
|
|a 2012006141
|
| 020 |
|
|
|a 9780199757404 (pbk. : alk. paper)
|
| 020 |
|
|
|a 0199757402 (pbk. : alk. paper)
|
| 035 |
|
|
|a (OCoLC)ocn777364348
|
| 040 |
|
|
|a DLC
|c DLC
|d UtOrBLW
|
| 049 |
|
|
|a TXAM
|
| 050 |
0 |
0 |
|a H61.295
|b .S29 2013
|
| 082 |
0 |
0 |
|a 001.42
|2 23
|
| 100 |
1 |
|
|a Sawyer, Richard D.
|
| 245 |
1 |
0 |
|a Duoethnography /
|c Richard D. Sawyer and Joe Norris.
|
| 264 |
|
1 |
|a New York :
|b Oxford University Press,
|c [2013]
|
| 264 |
|
4 |
|c ©2013
|
| 300 |
|
|
|a viii, 132 pages :
|b illustrations ;
|c 22 cm.
|
| 336 |
|
|
|a text
|b txt
|2 rdacontent
|
| 337 |
|
|
|a unmediated
|b n
|2 rdamedia
|
| 338 |
|
|
|a volume
|b nc
|2 rdacarrier
|
| 490 |
1 |
|
|a Understanding qualitative research
|
| 504 |
|
|
|a Includes bibliographical references (pages [111]-123) and index.
|
| 505 |
0 |
|
|a Acknowledgments -- Introduction -- Research design -- Writing-up the methods section -- Writing-up the research findings -- Discussion -- References/additional readings.
|
| 650 |
|
0 |
|a Narrative inquiry (Research method)
|
| 650 |
|
0 |
|a Ethnology
|x Methodology.
|
| 650 |
|
0 |
|a Qualitative research
|x Methodology.
|
| 700 |
1 |
|
|a Norris, Joe.
|
| 830 |
|
0 |
|a Series in understanding qualitative research.
|
| 945 |
|
|
|a PromptCat
|b 108317
|
| 946 |
|
|
|a stk
|
| 947 |
|
|
|a A14836013711
|
| 948 |
|
|
|a cataloged
|b h
|c 2012/12/14
|d c
|e dmitchel
|f 10:30:20 am
|
| 994 |
|
|
|a 92
|b TXA
|
| 999 |
|
|
|a MARS
|
| 999 |
f |
f |
|s 607004f0-8faf-347b-94ff-689310522de1
|i ead266e0-3d86-3391-89a9-6880a898ac6d
|t 0
|
| 952 |
f |
f |
|p normal
|a Texas A&M University
|b College Station
|c Sterling C. Evans Library
|d Evans: Library Stacks
|t 0
|e H61.295 .S29 2013
|h Library of Congress classification
|i unmediated -- volume
|m A14836013711
|
| 998 |
f |
f |
|a H61.295 .S29 2013
|t 0
|l Evans: Library Stacks
|